| 000 | 00373nam a2200133Ia 4500 | ||
|---|---|---|---|
| 005 | 20260328104323.0 | ||
| 008 | 260328s9999||||xx |||||||||||||| ||und|| | ||
| 100 | _aMéndez, Rafael | ||
| 245 | 0 |
_aTaller Internacional de Arquitectura en CArtegena 1987- 2010. / _cRafael Méndez |
|
| 260 | _bUniversidad de los Andes | ||
| 300 | _a221 p. | ||
| 650 | _aCOLOMBIA | ||
| 942 | _cBK | ||
| 999 |
_c11406 _d11406 |
||